000 00671nam a2200193Ia 4500
003 LDD
008 190117s9999 xx 000 0 und d
020 _a9788181439185
_c₹250
040 _cLDD
041 _ahi
082 _a320.954 प22091उ
100 _aपचौरी, सुधीश
245 0 _aउत्तर आधुनिक समय और मार्क्सवाद
_cसुधीश पचौरी
260 _aनई दिल्ली
_bवाणी प्रकाशन
_c2009
300 _a135पृ.
901 _aVANI
904 _aReqst by : J.M. Pariekh
942 _2ddc
_cH
999 _c162813
_d162813